Mis primeras canciones (Registro nro. 14726)
[ vista simple ]
| 000 -LIDER | |
|---|---|
| fixed length control field | 00596nam a22002177a 4500 |
| 001 - NÚMERO DE CONTROL | |
| Identificador de número de control | 0011701 |
| 003 - IDENTIFICACDOR DE NÚMERO DE CONTROL | |
| control field | DO-SdBNP |
| 005 - DATE AND TIME OF LATEST TRANSACTION | |
| control field | 20240710112325.0 |
| 007 - CAMPOS FIJOS DE DESCRIPCIÓN FÍSICA | |
| fixed length control field | 0011701 |
| 008 - ELEMENTOS DE LONGITUD FIJA | |
| fixed length control field | 161032uu ch 00| 0 spa d |
| 040 ## - FUENTE DE CATALOGACIÓN | |
| Agencia que crea de manera original el registro | BPMSU |
| Idioma de catalogación | spa |
| Agencia que realiza la transcripción | BPMSU |
| 082 #4 - NÚMERO DE CLASIFICACIÓN DECIMAL DE DEWEY | |
| Classification number | 782.7 |
| Item number | M678p |
| Edition number | 22 |
| 245 10 - MENCIÓN DE TITULO | |
| Título | Mis primeras canciones |
| Subtítulo | |
| Mención de responsabilidad | |
| 260 ## - PUBLICACIÓN, DISTRIBUCIÓN, ETC. (PIE DE IMPRENTA) | |
| Lugar de publicación, distribución, etc | China : |
| Nombre del editor, distribuidor, etc. | Lexus Editores |
| Fecha de publicación, distribución, etc | 2005 |
| Fecha de impresión | |
| 300 ## - DESCRIPCIÓN FÍSICA | |
| Extensión | Varias paginaciones : |
| Otros detalles físicos | il., |
| Dimensiones | 20 cm. |
| 590 ## - NOTA LOCAL | |
| Texto de la nota local | Inventariado, 2024/VM |
| 650 #4 - ENCABEZAMIENTO DE MATERIA--TEMÁTICO | |
| Término temático o nombre geográfico como elemento de entrada | Canciones infantiles |
| Subdivisión de forma | Colecciones |
| 710 2# - ASIENTO SECUNDARIO -- NOMBRE CORPORATIVO | |
| Nombre corporativo o de jurisdicción | Lexus Editores |
| 910 ## - VALIDACIÓN | |
| Validación | VMateo V. Control de calidad. BPMSU |
| 942 ## - ADDED ENTRY ELEMENTS (KOHA) | |
| Source of classification or shelving scheme | Dewey Decimal Classification |
| Koha item type | Libros |
| Withdrawn status | Lost status | Source of classification or shelving scheme | Damaged status | Not for loan | Collection code | Home library | Current library | Date acquired | Total Checkouts | Full call number | Barcode | Date last seen | Price effective from | Koha item type | Copy number |
|---|---|---|---|---|---|---|---|---|---|---|---|---|---|---|---|
| Dewey Decimal Classification | Colección Infantil General | Biblioteca Pública Metropolitana Salomé Ureña | Biblioteca Pública Metropolitana Salomé Ureña | 07/10/2024 | BPMSU CGI 782.7 M678p | BPMSU24070043 | 07/10/2024 | 07/10/2024 | Libros | ||||||
| Dewey Decimal Classification | Colección Infantil General | Biblioteca Pública Metropolitana Salomé Ureña | Biblioteca Pública Metropolitana Salomé Ureña | 07/10/2024 | BPMSU CGI 782.7 M678p | BPMSU24070044 | 07/10/2024 | 07/10/2024 | Libros | e.2 | |||||
| Dewey Decimal Classification | Colección Infantil General | Biblioteca Pública Metropolitana Salomé Ureña | Biblioteca Pública Metropolitana Salomé Ureña | 07/10/2024 | BPMSU CGI 782.7 M678p | BPMSU24070045 | 07/10/2024 | 07/10/2024 | Libros | e.3 |